000
00307nam a2200145Ia 4500
100
_a
Waldron/kenneth J/ kinzel/Gary L
250
_a
2
942
_c
BK
654
_a
kinematics
245
_a
kinematics
260
_b
John Wiley & Sons
_c
2004
082
_a
62.81
_b
WAL
300
_a
668
546
_a
ENGLISH
999
_c
22819
_d
22819